000 00222nam a22000977a 4500
999 _c15746
_d15746
003 OSt
008 190926b ||||| |||| 00| 0 eng d
082 _a333.91
245 _aMap of Hydro Power Development in India
942 _cBK